000
00326nam a2200121Ia 4500
008
191201s2010 xx 000 0 und d
100
_a
NSE INDIA
245
0
_a
Hand book for NSDL Business Partners Systems: Procedures and Practices
260
_a
N. Delhi
_b
NSE (NCFM)
_c
2010
300
_a
52
650
_a
NCFM
942
_2
ddc
_c
BK
999
_c
6658
_d
6658